MARC
| LEADER | 000000000a22000000004500 | ||
|---|---|---|---|
| 001 | 002075 | ||
| 041 | 0 | |a español | |
| 092 | 0 | |a 700.985 C421d | |
| 100 | 1 | |a Martínez, Cesáreo | |
| 245 | 1 | 0 | |a Desde la vigilia hablan los escritores y pintores peruanos |
| 260 | |a Lima, Perú |b Arte/Reda |c 1989 | ||
| 300 | |a 212 páginas | ||
| 500 | |a Número de inscripción 01365 -- Con dedicatoria a Dra. Ligia Bolaños Varela | ||
| 650 | 4 | |a ARTE PERUANO | |
| 650 | 4 | |a AUTORES PERUANOS | |
| 650 | 4 | |a PERU | |
| 650 | 4 | |a ENTREVISTAS | |
| 650 | 4 | |a SIGLO XX | |
| 650 | 4 | |a ARTISTAS | |
| 999 | |c 2950 |d 2950 | ||
